|
|
|
|
| LEADER |
00840nam a2200229 a 4500 |
| 001 |
12032871 |
| 008 |
100210s2001 enka 000 0 eng d |
| 010 |
|
|
|a \\\00055451
|
| 020 |
|
|
|a 0688170366
|
| 020 |
|
|
|a 0007108222
|
| 040 |
|
|
|a DLC
|c DLC
|d DLC
|d BD-DhAAL
|
| 082 |
0 |
0 |
|a 658.4/02
|2 21
|
| 245 |
0 |
0 |
|a High five! :
|b the magic of working together /
|c Ken Blanchard ... [et al.].
|
| 250 |
|
|
|a 1st ed.
|
| 260 |
|
|
|a England :Harper Collins ;New York :
|b Morrow,
|c 2001.
|
| 300 |
|
|
|a xi, 203 p. :
|b ill. ;
|c 20 cm.
|
| 541 |
1 |
|
|e 00013340
|
| 650 |
|
0 |
|a Teams in the workplace.
|
| 700 |
1 |
|
|a Blanchard, Kenneth H.
|
| 852 |
4 |
|
|a Ayesha Abed Library
|j General Shelf
|
| 999 |
|
|
|c 7439
|d 7439
|
| 952 |
|
|
|0 0
|1 0
|2 ddc
|4 0
|6 658_402000000000000_HIG
|7 0
|9 7977
|a BRACUL
|b BRACUL
|c GEN
|d 2010-02-10
|g 637.20
|l 5
|m 36
|o 658.402 HIG
|p 3010013340
|r 2025-11-23
|s 2025-10-08
|t 1
|w 2010-02-10
|y BK
|